| 000 | 00619nam a22002177a 4500 | ||
|---|---|---|---|
| 005 | 20241205094047.0 | ||
| 008 | 241205b ||||| |||| 00| 0 eng d | ||
| 020 | _a9789389407464 | ||
| 040 | _cAL | ||
| 041 | _aeng | ||
| 082 |
_223 _a371.58 _bMOHL |
||
| 100 |
_aNaman Mohnot _9187746 |
||
| 245 | _aLaw Relating to Ragging | ||
| 260 |
_aGurgaon _bThomas Reuters _c2020 |
||
| 300 |
_bxliv,499p. _aPB _c23x15cm. |
||
| 365 |
_2LAW _a1060 _b638.75 _c₹ _d875.00 _e27% _f28-11-2024 |
||
| 650 |
_aRagging and Special Laws _9187747 |
||
| 650 |
_aRole of Media _9187748 |
||
| 700 |
_aMOHNOT (Naman) _9187749 |
||
| 942 |
_2ddc _cBK |
||
| 999 |
_c232078 _d232078 |
||